000 00532nmm a2200169Ia 4500
008 251105s9999||||xx |||||||||||||||||und||
020 _a9788495107503
041 _aspa
100 _aBocángel y Unzueta, Gabriel
245 0 _aGabriel Bocángel y Unzueta. Obras completas vol. II
264 _a[Madrid, España] :
_bIberoamericana Vervuert,
_c2000
300 _a1520 páginas
490 _aBiblioteca Áurea Hispánica
650 _aSpanish narrative
856 _uhttps://public.digitaliapublishing.com/a/15372
942 _cCF
999 _c89544
_d89544